Jos (Record no. 38714)

MARC details
000 -LEADER
fixed length control field 00496nam a2200157Ia 4500
022 ## - INTERNATIONAL STANDARD SERIAL NUMBER
ISSN TK 204 .N54/
050 ## - CALL MARK
Classification number The Nigerian institution of electrical and electronics engineers [NIEEE]
245 #0 - TITLE STATEMENT
Title Jos
260 ## - PUBLICATION, DISTRIBUTION, ETC. (IMPRINT)
Place of publication Society of engineers
260 ## - PUBLICATION, DISTRIBUTION, ETC. (IMPRINT)
Name of publisher 2016
260 ## - PUBLICATION, DISTRIBUTION, ETC. (IMPRINT)
Year of publication 179 P. :ill. ; 29 cm.
300 ## - PHYSICAL DESCRIPTION
Number of Pages Proceedings of the international conference and exhibition on power and telecommunication
650 ## - SUBJECT ADDED ENTRY--TOPICAL TERM
Topical Term SR

No items available.